000 01328cam a2200349 a 4500
001 1684812
003 OSt
005 20140310184349.0
008 990604s2000 nyua c 000 1 eng
010 _a 99016804
020 _a0439076668
040 _aDLC
_cDLC
042 _alcac
050 0 0 _aPZ 7
_b.L3274Map 2000
100 1 _aLasky, Kathryn.
_96040
245 1 0 _aMarie Antoinette, princess of Versailles /
_cby Kathryn Lasky.
260 _aNew York :
_bScholastic,
_c2000.
300 _a236 p. :
_bill. ;
_c19 cm.
440 4 _aThe royal diaries
_917275
521 _aG5
526 _c830
562 _eFor circulation.2 copy available in the collection
600 0 0 _aMarie Antoinette,
_cQueen, consort of Louis XVI, King of France,
_d1755-1793
_xChildhood and youth
_vJuvenile fiction.
_925002
600 0 1 _aMarie Antoinette,
_cQueen, consort of Louis XVI, King of France,
_d1755-1793
_xChildhood and youth
_vFiction.
_925003
650 1 _aKings, queens, rulers, etc.
_vFiction.
_925004
650 1 _aDiaries
_vFiction.
_925005
906 _a7
_bcbc
_corignew
_d1
_eocip
_f19
_gy-gencatlg
942 _2lcc
_cBK-SCHOLAS
999 _c33915
_d33915